000 00543nam a22001817a 4500
005 20251108171932.0
008 250721s1986 xx 000 0 ara d
082 1 4 _a616.01/إسم
100 1 _aالحديثي، إسماعيل عبد الوهاب
245 1 0 _aعلم الطفيليات /
264 1 _aالبصرة :
_bجامعة البصرة،
_c1986.
300 _a485ص
650 1 7 _aالأمراض
650 1 7 _aالطفيليات
700 1 _aعواد، عبد الله الحسين حبش
942 _2ddc
_cBK
999 _c66342
_d66342